<?xml version="1.0" encoding="UTF-8"?>
<record
    xmlns:xsi="http://www.w3.org/2001/XMLSchema-instance"
    xsi:schemaLocation="http://www.loc.gov/MARC21/slim http://www.loc.gov/standards/marcxml/schema/MARC21slim.xsd"
    xmlns="http://www.loc.gov/MARC21/slim">

  <leader>04013namaa22004211i 4500</leader>
  <controlfield tag="003">EG-GICUC</controlfield>
  <controlfield tag="005">20260504133717.0</controlfield>
  <controlfield tag="008">260504b        |||a|||frm||| 000 0 eng d</controlfield>
  <datafield tag="040" ind1=" " ind2=" ">
    <subfield code="a">EG-GICUC</subfield>
    <subfield code="b">eng</subfield>
    <subfield code="c">EG-GICUC</subfield>
    <subfield code="d">EG-GICUC</subfield>
    <subfield code="e">rda</subfield>
  </datafield>
  <datafield tag="041" ind1="0" ind2=" ">
    <subfield code="a">eng</subfield>
    <subfield code="b">eng</subfield>
    <subfield code="b">ara</subfield>
  </datafield>
  <datafield tag="049" ind1=" " ind2=" ">
    <subfield code="a">Deposit</subfield>
  </datafield>
  <datafield tag="082" ind1="0" ind2="4">
    <subfield code="a">&#x202A;333.7315</subfield>
  </datafield>
  <datafield tag="092" ind1=" " ind2=" ">
    <subfield code="a">&#x202A;333.7315</subfield>
    <subfield code="2">21</subfield>
  </datafield>
  <datafield tag="097" ind1=" " ind2=" ">
    <subfield code="a">M.Sc</subfield>
  </datafield>
  <datafield tag="099" ind1=" " ind2=" ">
    <subfield code="a">Cai01.13.02.M.Sc.2025.He.A</subfield>
  </datafield>
  <datafield tag="100" ind1="0" ind2=" ">
    <subfield code="a">Hebatallah Hicham Assaad, </subfield>
    <subfield code="e">preparation.</subfield>
  </datafield>
  <datafield tag="245" ind1="1" ind2="3">
    <subfield code="a">An assessment of sustainability of the housing sector in new egyptian cities /</subfield>
    <subfield code="c">by Hebatallah Hicham Assaad ; Supervisors Prof. Dr. Tarek Abdellatif Aboul-Atta. </subfield>
  </datafield>
  <datafield tag="246" ind1="1" ind2="5">
    <subfield code="a">&#x62A;&#x642;&#x64A;&#x64A;&#x645; &#x627;&#x633;&#x62A;&#x62F;&#x627;&#x645;&#x629; &#x642;&#x637;&#x627;&#x639; &#x627;&#x644;&#x627;&#x633;&#x643;&#x627;&#x646; &#x628;&#x627;&#x644;&#x645;&#x62F;&#x646; &#x627;&#x644;&#x645;&#x635;&#x631;&#x64A;&#x629; &#x627;&#x644;&#x62C;&#x62F;&#x64A;&#x62F;&#x629;</subfield>
  </datafield>
  <datafield tag="264" ind1=" " ind2="0">
    <subfield code="c">2025.</subfield>
  </datafield>
  <datafield tag="300" ind1=" " ind2=" ">
    <subfield code="a">277 pages :</subfield>
    <subfield code="b">illustrations ;</subfield>
    <subfield code="c">30 cm. + </subfield>
    <subfield code="e">CD.</subfield>
  </datafield>
  <datafield tag="336" ind1=" " ind2=" ">
    <subfield code="a">text</subfield>
    <subfield code="2">rda content</subfield>
  </datafield>
  <datafield tag="337" ind1=" " ind2=" ">
    <subfield code="a">Unmediated</subfield>
    <subfield code="2">rdamedia</subfield>
  </datafield>
  <datafield tag="338" ind1=" " ind2=" ">
    <subfield code="a">volume</subfield>
    <subfield code="2">rdacarrier</subfield>
  </datafield>
  <datafield tag="502" ind1=" " ind2=" ">
    <subfield code="a">Thesis (M.Sc)-Cairo University, 2025.</subfield>
  </datafield>
  <datafield tag="504" ind1=" " ind2=" ">
    <subfield code="a">Bibliography: pages 268-277.</subfield>
  </datafield>
  <datafield tag="520" ind1=" " ind2="3">
    <subfield code="a">This research deals with a study of the subject of re-classification of variables to maintain sustainability of the Egyptian housing sector. This study builds its framework based on recent research exploring various sustainability factors in the urban housing sector after studying various type of housing on 36th case study. A comprehensive systematic literature review has compiled one of the most extensive lists of sustainability factors related to urban housing. These factors are ranked according to their frequency of examination and classified by their scale and sector of influence. The results can fill the knowledge gap about the most significant factors affecting the sustainability of houses and guide policymakers to make their decisions and strategies more precisely regarding the needs of the housing sector. In this research" An integrative analysis of the results has been constructed to receive the most affected factors on sustainability . </subfield>
  </datafield>
  <datafield tag="520" ind1=" " ind2="3">
    <subfield code="a">&#x64A;&#x62A;&#x646;&#x627;&#x648;&#x644; &#x647;&#x630;&#x627; &#x627;&#x644;&#x628;&#x62D;&#x62B; &#x62F;&#x631;&#x627;&#x633;&#x629; &#x645;&#x648;&#x636;&#x648;&#x639; &#x625;&#x639;&#x627;&#x62F;&#x629; &#x62A;&#x635;&#x646;&#x64A;&#x641; &#x627;&#x644;&#x645;&#x62A;&#x63A;&#x64A;&#x631;&#x627;&#x62A; &#x644;&#x644;&#x62D;&#x641;&#x627;&#x638; &#x639;&#x644;&#x649; &#x627;&#x633;&#x62A;&#x62F;&#x627;&#x645;&#x629; &#x642;&#x637;&#x627;&#x639; &#x627;&#x644;&#x625;&#x633;&#x643;&#x627;&#x646; &#x627;&#x644;&#x645;&#x635;&#x631;&#x64A;. &#x62A;&#x628;&#x646;&#x64A; &#x647;&#x630;&#x647; &#x627;&#x644;&#x62F;&#x631;&#x627;&#x633;&#x629; &#x625;&#x637;&#x627;&#x631;&#x647;&#x627; &#x628;&#x646;&#x627;&#x621;&#x64B; &#x639;&#x644;&#x649; &#x623;&#x628;&#x62D;&#x627;&#x62B; &#x62D;&#x62F;&#x64A;&#x62B;&#x629; &#x62A;&#x633;&#x62A;&#x643;&#x634;&#x641; &#x639;&#x648;&#x627;&#x645;&#x644; &#x627;&#x644;&#x627;&#x633;&#x62A;&#x62F;&#x627;&#x645;&#x629; &#x627;&#x644;&#x645;&#x62E;&#x62A;&#x644;&#x641;&#x629; &#x641;&#x64A; &#x642;&#x637;&#x627;&#x639; &#x627;&#x644;&#x625;&#x633;&#x643;&#x627;&#x646; &#x627;&#x644;&#x62D;&#x636;&#x631;&#x64A; &#x628;&#x639;&#x62F; &#x62F;&#x631;&#x627;&#x633;&#x629; &#x623;&#x646;&#x648;&#x627;&#x639; &#x645;&#x62E;&#x62A;&#x644;&#x641;&#x629; &#x645;&#x646; &#x627;&#x644;&#x625;&#x633;&#x643;&#x627;&#x646; &#x641;&#x64A; &#x62F;&#x631;&#x627;&#x633;&#x629; &#x627;&#x644;&#x62D;&#x627;&#x644;&#x629; &#x627;&#x644;&#x633;&#x627;&#x62F;&#x633;&#x629; &#x648;&#x627;&#x644;&#x62B;&#x644;&#x627;&#x62B;&#x64A;&#x646;. &#x648;&#x642;&#x62F; &#x62C;&#x645;&#x639;&#x62A; &#x645;&#x631;&#x627;&#x62C;&#x639;&#x629; &#x645;&#x646;&#x647;&#x62C;&#x64A;&#x629; &#x634;&#x627;&#x645;&#x644;&#x629; &#x644;&#x644;&#x623;&#x62F;&#x628;&#x64A;&#x627;&#x62A; &#x648;&#x627;&#x62D;&#x62F;&#x629; &#x645;&#x646; &#x623;&#x643;&#x62B;&#x631; &#x642;&#x648;&#x627;&#x626;&#x645; &#x639;&#x648;&#x627;&#x645;&#x644; &#x627;&#x644;&#x627;&#x633;&#x62A;&#x62F;&#x627;&#x645;&#x629; &#x627;&#x644;&#x645;&#x62A;&#x639;&#x644;&#x642;&#x629; &#x628;&#x627;&#x644;&#x625;&#x633;&#x643;&#x627;&#x646; &#x627;&#x644;&#x62D;&#x636;&#x631;&#x64A; &#x634;&#x645;&#x648;&#x644;&#x627;&#x64B;. &#x64A;&#x62A;&#x645; &#x62A;&#x635;&#x646;&#x64A;&#x641; &#x647;&#x630;&#x647; &#x627;&#x644;&#x639;&#x648;&#x627;&#x645;&#x644; &#x648;&#x641;&#x642;&#x64B;&#x627; &#x644;&#x62A;&#x643;&#x631;&#x627;&#x631; &#x641;&#x62D;&#x635;&#x647;&#x627; &#x648;&#x62A;&#x635;&#x646;&#x64A;&#x641;&#x647;&#x627; &#x62D;&#x633;&#x628; &#x646;&#x637;&#x627;&#x642;&#x647;&#x627; &#x648;&#x642;&#x637;&#x627;&#x639; &#x62A;&#x623;&#x62B;&#x64A;&#x631;&#x647;&#x627;. &#x64A;&#x645;&#x643;&#x646; &#x644;&#x644;&#x646;&#x62A;&#x627;&#x626;&#x62C; &#x623;&#x646; &#x62A;&#x633;&#x62F; &#x641;&#x62C;&#x648;&#x629; &#x627;&#x644;&#x645;&#x639;&#x631;&#x641;&#x629; &#x62D;&#x648;&#x644; &#x623;&#x647;&#x645; &#x627;&#x644;&#x639;&#x648;&#x627;&#x645;&#x644; &#x627;&#x644;&#x62A;&#x64A; &#x62A;&#x624;&#x62B;&#x631; &#x639;&#x644;&#x649; &#x627;&#x633;&#x62A;&#x62F;&#x627;&#x645;&#x629; &#x627;&#x644;&#x645;&#x646;&#x627;&#x632;&#x644; &#x648;&#x62A;&#x648;&#x62C;&#x64A;&#x647; &#x635;&#x627;&#x646;&#x639;&#x64A; &#x627;&#x644;&#x633;&#x64A;&#x627;&#x633;&#x627;&#x62A; &#x644;&#x627;&#x62A;&#x62E;&#x627;&#x630; &#x642;&#x631;&#x627;&#x631;&#x627;&#x62A;&#x647;&#x645; &#x648;&#x627;&#x633;&#x62A;&#x631;&#x627;&#x62A;&#x64A;&#x62C;&#x64A;&#x627;&#x62A;&#x647;&#x645; &#x628;&#x62F;&#x642;&#x629; &#x623;&#x643;&#x628;&#x631; &#x641;&#x64A;&#x645;&#x627; &#x64A;&#x62A;&#x639;&#x644;&#x642; &#x628;&#x627;&#x62D;&#x62A;&#x64A;&#x627;&#x62C;&#x627;&#x62A; &#x642;&#x637;&#x627;&#x639; &#x627;&#x644;&#x625;&#x633;&#x643;&#x627;&#x646;. &#x641;&#x64A; &#x647;&#x630;&#x627; &#x627;&#x644;&#x628;&#x62D;&#x62B; "&#x62A;&#x645; &#x625;&#x646;&#x634;&#x627;&#x621; &#x62A;&#x62D;&#x644;&#x64A;&#x644; &#x62A;&#x643;&#x627;&#x645;&#x644;&#x64A; &#x644;&#x644;&#x646;&#x62A;&#x627;&#x626;&#x62C; &#x644;&#x644;&#x62D;&#x635;&#x648;&#x644; &#x639;&#x644;&#x649; &#x623;&#x643;&#x62B;&#x631; &#x627;&#x644;&#x639;&#x648;&#x627;&#x645;&#x644; &#x62A;&#x623;&#x62B;&#x631;&#x64B;&#x627; &#x628;&#x627;&#x644;&#x627;&#x633;&#x62A;&#x62F;&#x627;&#x645;&#x629;.</subfield>
  </datafield>
  <datafield tag="530" ind1=" " ind2=" ">
    <subfield code="a">Issues also as CD.</subfield>
  </datafield>
  <datafield tag="546" ind1=" " ind2=" ">
    <subfield code="a">Text in English and abstract in Arabic &amp; English.</subfield>
  </datafield>
  <datafield tag="650" ind1=" " ind2="0">
    <subfield code="a">Sustainable design</subfield>
  </datafield>
  <datafield tag="650" ind1=" " ind2="0">
    <subfield code="a">&#x627;&#x644;&#x62A;&#x635;&#x645;&#x64A;&#x645; &#x627;&#x644;&#x645;&#x633;&#x62A;&#x62F;&#x627;&#x645;</subfield>
  </datafield>
  <datafield tag="653" ind1=" " ind2="1">
    <subfield code="a">Sustainability </subfield>
    <subfield code="a">New cities</subfield>
    <subfield code="a"> Housing Sector</subfield>
    <subfield code="a">Housing Affordability</subfield>
    <subfield code="a">Sustainable urban development</subfield>
    <subfield code="a">&#x627;&#x644;&#x627;&#x633;&#x62A;&#x62F;&#x627;&#x645;&#x629;</subfield>
    <subfield code="a">&#x627;&#x644;&#x645;&#x62F;&#x646; &#x627;&#x644;&#x62C;&#x62F;&#x64A;&#x62F;&#x629;</subfield>
  </datafield>
  <datafield tag="700" ind1="0" ind2=" ">
    <subfield code="a">Tarek Abdellatif Aboul-Atta</subfield>
    <subfield code="e">thesis advisor.</subfield>
  </datafield>
  <datafield tag="900" ind1=" " ind2=" ">
    <subfield code="b">01-01-2025</subfield>
    <subfield code="c">Tarek Abdellatif Aboul-Atta</subfield>
    <subfield code="d">Mohamed EL-Baramlegy </subfield>
    <subfield code="d">Hesham Hafez                    </subfield>
    <subfield code="U">Cairo University</subfield>
    <subfield code="F">Faculty of Engineering</subfield>
    <subfield code="D">Department of Architecture</subfield>
  </datafield>
  <datafield tag="905" ind1=" " ind2=" ">
    <subfield code="a">Shimaa</subfield>
  </datafield>
  <datafield tag="942" ind1=" " ind2=" ">
    <subfield code="2">ddc</subfield>
    <subfield code="c">TH</subfield>
    <subfield code="e">21</subfield>
    <subfield code="n">0</subfield>
  </datafield>
  <datafield tag="999" ind1=" " ind2=" ">
    <subfield code="c">179958</subfield>
  </datafield>
  <datafield tag="952" ind1=" " ind2=" ">
    <subfield code="2">ddc</subfield>
    <subfield code="9">317649</subfield>
    <subfield code="a">CUCL</subfield>
    <subfield code="b">cl210</subfield>
    <subfield code="d">2026-05-04</subfield>
    <subfield code="i">93969</subfield>
    <subfield code="o">Cai01.13.02.M.Sc.2025.He.A</subfield>
    <subfield code="p">01010110093969000</subfield>
    <subfield code="r">2026-05-04 12:38:34</subfield>
    <subfield code="w">2026-05-04</subfield>
    <subfield code="y">TH</subfield>
  </datafield>
</record>
